ბათუმის შოთა რუსთაველის სახელმწიფო უნივერსიტეტის ბიბლიოთეკა

სვანური ენის ფონეტიკის ძირითადი საკითხები : ექსპერიმენტული გამოკვლევა (ბიბ.ჩანაწერი № 52471)

000 -LEADER
fixed length control field 01257nam a2200265Ia 4500
001 - CONTROL NUMBER
control field 19494
003 - CONTROL NUMBER IDENTIFIER
control field GE_BSU
008 - FIXED-LENGTH DATA ELEMENTS--GENERAL INFORMATION
fixed length control field 181216s||||||||xx |||||||||||||| ||und||
040 ## - CATALOGING SOURCE
Transcribing agency GE_BSU
080 ## - UNIVERSAL DECIMAL CLASSIFICATION NUMBER
Universal Decimal Classification number 811.353.2'342
100 ## - MAIN ENTRY--PERSONAL NAME
Personal name ჟღენტი, სერგი
245 ## - TITLE STATEMENT
Title სვანური ენის ფონეტიკის ძირითადი საკითხები : ექსპერიმენტული გამოკვლევა
245 ## - TITLE STATEMENT
Statement of responsibility, etc. რედ:ვ.თოფურია
250 ## - EDITION STATEMENT
Edition statement საქ. სსრ მეცნ. აკადემია. ენის ინ-ტი აკად., ნ. მარის სახელობისა.
260 ## - PUBLICATION, DISTRIBUTION, ETC.
Place of publication, distribution, etc. თბილისი
260 ## - PUBLICATION, DISTRIBUTION, ETC.
Name of publisher, distributor, etc. საქ. სსრ მეცნ. აკად. გამ-ბა და სტ
260 ## - PUBLICATION, DISTRIBUTION, ETC.
Date of publication, distribution, etc. 1949
300 ## - PHYSICAL DESCRIPTION
Extent 225გვ;23სმ.
300 ## - PHYSICAL DESCRIPTION
Other physical details დანართი: საძიებელი, გვ. 216-224. - ბიბლიოგრაფია წინასიტყვ. და შენიშვნებში
300 ## - PHYSICAL DESCRIPTION
Accompanying material ილ.
653 ## - INDEX TERM--UNCONTROLLED
Uncontrolled term სვანური ენა
653 ## - INDEX TERM--UNCONTROLLED
Uncontrolled term სვანური ენის ფონეტიკა;
942 ## - ADDED ENTRY ELEMENTS (KOHA)
Koha item type წიგნი
ეგზემპლარები
Withdrawn status Lost status Damaged status Not for loan Date acquired Barcode Date last seen Price effective from Koha item type
        2018-12-17 48522 2018-12-17 2018-12-17 წიგნი
        2018-12-17 48551 2018-12-17 2018-12-17 წიგნი
        2018-12-17 48552 2018-12-17 2018-12-17 წიგნი
        2018-12-17 48553 2018-12-17 2018-12-17 წიგნი
        2018-12-17 48554 2018-12-17 2018-12-17 წიგნი